عرض عادي
عرض مارك
- نظم المعلومات الإدارية
دخول Topical Term
001 - CONTROL NUMBER
- control field: 27616
003 - CONTROL NUMBER IDENTIFIER
- control field: AE-AdECS
005 - DATE AND TIME OF LATEST TRANSACTION
- control field: 20260326092021.0
008 - FIXED-LENGTH DATA ELEMENTS
- fixed length control field: 260326|| aca||aabn | a|a d
040 ## - CATALOGING SOURCE
- Original cataloging agency: AE-AdECS
- Transcribing agency: AE-AdECS
150 ## - HEADING--TOPICAL TERM
- Topical term or geographic name entry element: نظم المعلومات الإدارية
- General subdivision: دعم القرار
670 ## - SOURCE DATA FOUND
- Source citation: Work cat.: (AE-AdECS)294511: مشرقي، عايدة تاوضرس مؤلف., كفاءة التميز في تحليل وتشخيص المشكلات واتخاذ القرارات /
